| 000 | 01923cam a22004934i 4500 | ||
|---|---|---|---|
| 003 | PE-LiUPU | ||
| 005 | 20250731180124.0 | ||
| 008 | 150623s2004 pe b rb 000 0 spa d | ||
| 035 | _a(Sirsi) a28075 | ||
| 040 |
_aPE-LiUPU _bspa _cPE-LiUPU _erda |
||
| 082 | 0 | 4 |
_a515.1 _bE88A _221 |
| 100 | 1 |
_aEspinoza Ramos, Eduardo, _d1946-, _eautor. |
|
| 245 | 1 | 0 |
_aAnálisis matemático III : _bpara estudiantes de ciencias e ingeniería.[3] / _cEduardo Espinoza Ramos. |
| 250 | _aCuarta edición. | ||
| 264 | 1 |
_aLima, Perú : _bEditorial Sevicios Gráficos J.J., _c2004. |
|
| 300 |
_a907 páginas : _bilustraciones, gráficos diagrámas ; _c22 centímetros |
||
| 336 |
_atext _2rdacontent |
||
| 337 |
_aunmediated _2rdamedia |
||
| 338 |
_avolume _2rdacarrier |
||
| 504 | _aIncluye bibliografía. | ||
| 505 | 0 | _aSuperficies cuádricas. Funciones vectoriales de variables real. Funciones reales de variable vectorial. Funciones vectoriales de varias variables. Integrales dobles. Integrales triples. Integrales curvilíneas o de línea. Integrales de superficie. | |
| 526 | _aSEG44 | ||
| 526 | _aSEG26 | ||
| 526 | _aP159 | ||
| 526 | _aP155 | ||
| 526 | _aP154 | ||
| 526 | _aP153 | ||
| 526 | _aP150 | ||
| 526 | _aP100 | ||
| 526 | _aP31 | ||
| 526 | _aP30 | ||
| 526 | _aP26 | ||
| 526 | _aP25 | ||
| 526 | _aP24 | ||
| 526 | _aP22 | ||
| 526 | _aP15 | ||
| 526 | _aP10 | ||
| 650 | 1 | 4 |
_aAnálisis matemático _xProblemas, ejercicios, etc. |
| 942 |
_2ddc _cBOOK |
||
| 949 |
_a515.1 E88A [3] _wDEWEY _c1 _i53320 _lCCODEBUL1 _mBUL _p48.00 _r0 _sY _tBOOK _u2015-06-24 _xINGENIERIA _zUNKNOWN _0COMPRA _o.STAFF. Colección General |
||
| 596 | _a1 | ||
| 999 |
_a515.1 E88A [3] _wDEWEY _c35283 _i53320 _d35283 _e2019-11-6 _f2021-11-9 _g5 _lCCODEBUL1 _mBUL _n29 _p48.00 _q5 _r0 _sY _tBOOK _u2015-6-24 _xINGENIERIA _PP27 _0COMPRA _o.STAFF. Colección Ingeniería y Arquitectura |
||
| 980 |
_81 _gALBERTO SANCHEZ Responsable de Automatización |
||